000 00820cam a2200265 a 4500
001 46037
003 BD-RJUL
005 20211209054112.0
008 160730s1972 enka b 001 0 eng d
035 _aBD-RJUL 46155
040 _aBD-RjUL
_beng
_cBD-RjUL
041 _aeng
082 _223
_a332.401
_bLAD 1972
100 1 _aLaidler, David E. W.
_9140736
245 1 4 _aThe demand for money :
_btheories and evidence /
_cDavid E. W. Laidler.
250 _a1st edi.
260 _aLondon :
_bInternational Textbook Co,
_c1972
300 _axiii, 128 p. :
_bill. ;
_c21 cm.
490 0 _aInternational's series in monetary economics.
504 _aBibliography: p. 121-123.
650 0 _aDemand for money.
_9140737
650 0 _aMoney
_xMathematical models.
_9140738
942 _2ddc
_cBK
999 _c46037
_d46037